000 00465nam a2200205Ia 4500
001 109607
003 YMCAF
005 20230512162357.0
008 100717s2001 ||||||||||||||||| ||und|d
024 _a109607
035 _aWB594
040 _aYMCAF
_beng
_cIN-KoLT
041 _aeng
082 _a004.0151
_bGAN
100 _aGanzha, V G
245 0 _aComputer Algebra in Scientific Computing
260 _bSpringer
_c2001
300 _a553
942 _2ddc
_cBK
999 _c11564
_d11564